Le rôle et la place des industries mécaniques et électriques dans les économie mondiale Mise à jour 1970-1975 de la partie analytique
שמור ב:
| מחבר תאגידי: | |
|---|---|
| פורמט: | ספר |
| שפה: | Undetermined |
| יצא לאור: |
New York
Nations Unies
1980
|
| נושאים: | |
| תגים: |
הוספת תג
אין תגיות, היה/י הראשונ/ה לתייג את הרשומה!
|
| Thư viện lưu trữ: | Trung tâm Học liệu Trường Đại học Cần Thơ |
|---|
| LEADER | 00648nam a2200193Ia 4500 | ||
|---|---|---|---|
| 001 | CTU_99032 | ||
| 008 | 210402s9999 xx 000 0 und d | ||
| 082 | |a 338.4 | ||
| 082 | |b C734 | ||
| 110 | |a Commission économique pour l'europe | ||
| 245 | 0 | |a Le rôle et la place des industries mécaniques et électriques dans les économie mondiale Mise à jour 1970-1975 de la partie analytique | |
| 245 | 0 | |c Commission économique pour l'europe | |
| 260 | |a New York | ||
| 260 | |b Nations Unies | ||
| 260 | |c 1980 | ||
| 650 | |a Industries | ||
| 650 | |x Periodicals | ||
| 904 | |i Giang | ||
| 980 | |a Trung tâm Học liệu Trường Đại học Cần Thơ | ||